Normal view MARC view

Entry Personal Name

Number of records used in: 1

001 - CONTROL NUMBER

  • control field: 8904

003 - CONTROL NUMBER IDENTIFIER

  • control field: OSt

005 - DATE AND TIME OF LATEST TRANSACTION

  • control field: 20211028151003.0

008 - FIXED-LENGTH DATA ELEMENTS

  • fixed length control field: 211028|| aca||aabn | a|a d

040 ## - CATALOGING SOURCE

  • Original cataloging agency: OSt
  • Transcribing agency: OSt

100 ## - HEADING--PERSONAL NAME

  • Personal name: Shetty, Shrutha N; Leelavathi, C.
  • Miscellaneous information: 40911179

670 ## - SOURCE DATA FOUND

  • Source citation: Work cat.: (OSt): Shetty, Shrutha N; Leelavathi, C. 40911179, Molecular modeling of human P450c- 17- alpha hydrolyase/ 17-20 lyase., 2006